| 000 | 01192nam a2200337 c 4500 | ||
|---|---|---|---|
| 003 | BLK | ||
| 005 | 20201021122244.0 | ||
| 008 | 180408b bul|||||r ||||||| ||bul|| | ||
| 010 | _aKNG00069939000 | ||
| 020 |
_a954-585-740-4 _bиздат.: Бард |
||
| 040 | _aBLK | ||
| 041 |
_aBUL _cBUL |
||
| 080 |
_aНемска литература _b821.112.2 _x-93-31 _z821.112.2-93-31 |
||
| 100 | 1 |
_aФунке, Корнелия _eпърви автор _9135150 |
|
| 700 | 1 |
_aКожухарова, Яна _eпрев. от нем. _9365315 |
|
| 139 |
_aФунке, Корнелия _bФ 93 |
||
| 245 | 1 | 0 |
_aПовелителя на крадците _bРоман _cКорнелия Функе; прев. от нем. Яна Кожухарова. |
| 257 | _aDEU | ||
| 260 |
_аСофия _bБард _c2006 |
||
| 300 |
_a368 с. _c20 см |
||
| 380 | _aX | ||
| 500 | _aОриг. загл. Herr der Diebe / Cornelia Funke | ||
| 653 | _aромани | ||
| 653 | _aлитература за деца | ||
| 653 | _aдетска литература | ||
| 852 | _aЦб 230335 | ||
| 856 | 4 |
_qpdf _u |
|
| 856 | 4 |
_qpdf _u |
|
| 942 |
_cKNG _n0 _03 |
||
| 944 |
_aCR _c11.12.2006 _kЛюдмила_Стоянова |
||
| 944 |
_aED _c07.02.2007 _k |
||
| 999 |
_c65658 _d65658 |
||